000 nam a22 a 4500
999 _c1228
_d1228
005 20170517114906.0
008 170508s2007 my ||||| |||| 00| 0 may d
040 _aAKMAL
082 _a343.595056 MAL
090 _a343.595056
_bMAL
110 1 _aMalaysia
_9400
240 _aCustoms Act 1967
_lEnglish
245 0 0 _aAkta Kastam 1967:peraturan-peraturan kastam (tribunal rayuan) 2007 [ P.U.(A) 210/07] & perintah kastam ( Bidang Kuasa Tambahan Tribunal Rayuan Kastam) 2007 [ P.U.(A) 211/07] =
_bCustoms (Appeal Tribunal) Regulations 2007 [ P.U.(A) 210/07] & Customs ( Additonal Jurisdiction Of Customs Appeal Tribunal) Order 2007 [ P.U.(A). 211/07]
260 _aKuala Lumpur:
_bPercetakan Nasional Berhad,
_c2007.
300 _avarious paging:
_c25cm.
650 1 _aTariff
_xLaw and legislation
_zMalaysia
_920
650 2 _aTrade regulation
_zMalaysia
_92454
710 1 _aMalaysia
_bJabatan Kastam Diraja Malaysia
_91301
942 _2ddc
_cBOOK
950 _lAKMAL